[Event "ch-RUS Blitz Women 2017"]
[Site "Sochi RUS"]
[Date "2017.10.02"]
[Round "1.1"]
[White "Charochkina, Daria"]
[Black "Gubernatorova, Lyudmila"]
[Result "1-0"]
[WhiteTitle "IM"]
[WhiteElo "2321"]
[BlackElo "2200"]
[WhiteFideId "4180917"]
[BlackFideId "4123840"]
[EventDate "2017.10.02"]
[EventType "blitz"]

1. d4 Nf6 2. Nc3 d5 3. Bf4 c5 4. e3 Qb6 5. Rb1 a6 6. Nf3 Bg4 7. Be2 e6 8. O-O
Bxf3 9. Bxf3 cxd4 10. exd4 Nc6 11. Be3 Be7 12. a3 O-O 13. b4 Rac8 14. Na4 Qd8
15. Nc5 Rb8 16. Re1 Nd7 17. Bf4 Nxc5 18. bxc5 Bf6 19. Bxb8 Qxb8 20. c3 Qc7 21.
Qa4 g6 22. Rb2 Rd8 23. g3 e5 24. Reb1 exd4 25. Rxb7 Qe5 26. Qxc6 dxc3 27. Qa4 d4
28. Qb3 Rf8 29. Bd5 d3 30. Rxf7 Rxf7 31. Bxf7+ Kg7 32. Bc4 c2 33. Rf1 Qb2 34.
Qxd3 c1=Q 35. Rxc1 Qxc1+ 36. Kg2 Qg5 37. Bd5 Qe5 38. c6 Qd6 39. Qc4 Be5 40. f4
Bf6 41. c7 Qxa3 42. c8=Q Qb2+ 43. Qc2 1-0

[Event "ch-RUS Blitz Women 2017"]
[Site "Sochi RUS"]
[Date "2017.10.02"]
[Round "1.2"]
[White "Semenova, Elena1"]
[Black "Bodnaruk, Anastasia"]
[Result "0-1"]
[WhiteTitle "WIM"]
[BlackTitle "IM"]
[WhiteElo "2256"]
[BlackElo "2432"]
[WhiteFideId "24125148"]
[BlackFideId "4181751"]
[EventDate "2017.10.02"]
[EventType "blitz"]

1. e4 c5 2. Nc3 d6 3. Nf3 Nf6 4. Bb5+ Bd7 5. Bxd7+ Qxd7 6. d4 cxd4 7. Nxd4 g6 8.
O-O Bg7 9. Be3 O-O 10. f3 Nc6 11. Nd5 Ne8 12. c4 e6 13. Nc3 Nc7 14. Rc1 f5 15.
Qd2 f4 16. Bf2 Ne5 17. b3 Rad8 18. Rfd1 a6 19. Na4 Qe7 20. Nc3 g5 21. Nde2 g4
22. fxg4 Nxg4 23. Nd4 Ne5 24. Nf3 Kh8 25. Kh1 Qf7 26. Bd4 Qh5 27. Bxe5 Bxe5 28.
Qe2 Bg7 29. Rd3 e5 30. Rcd1 Rf6 31. Nd5 Nxd5 32. cxd5 Rc8 33. R3d2 Rg8 34. Rc1
Bh6 35. Rc7 Rfg6 36. Qf1 R6g7 37. Rdc2 Qg6 38. Rxg7 Bxg7 39. Qf2 Qxe4 40. Rc7
Qb1+ 41. Ng1 Qg6 42. Nf3 Qf5 43. Nd2 e4 44. Qe2 e3 45. Nf3 Qb1+ 46. Ng1 Qg6 47.
Qf3 Be5 48. Qh3 Qe4 49. Ne2 Qb1+ 50. Ng1 e2 0-1

[Event "ch-RUS Blitz Women 2017"]
[Site "Sochi RUS"]
[Date "2017.10.02"]
[Round "1.3"]
[White "Goryachkina, Aleksandra"]
[Black "Belova, Olga"]
[Result "1-0"]
[WhiteTitle "WGM"]
[BlackTitle "WFM"]
[WhiteElo "2478"]
[BlackElo "2094"]
[WhiteFideId "4147103"]
[BlackFideId "4138422"]
[EventDate "2017.10.02"]
[EventType "blitz"]

1. e4 e5 2. Nf3 Nc6 3. d4 exd4 4. Nxd4 Bb4+ 5. c3 Bc5 6. Be3 Bb6 7. Qg4 Nf6 8.
Qxg7 Rg8 9. Qh6 Rg6 10. Qf4 d5 11. exd5 Nxd4 12. cxd4 Nxd5 13. Qe5+ Re6 14. Qh8+
Kd7 15. Qxd8+ Kxd8 16. Kd2 Ba5+ 17. Nc3 Rb6 18. Kc1 Nxc3 19. bxc3 Bxc3 20. Rb1
Bf5 21. Rxb6 axb6 22. Bc4 b5 23. Bxf7 Ke7 24. Bb3 Rd8 25. Bg5+ 1-0

[Event "ch-RUS Blitz Women 2017"]
[Site "Sochi RUS"]
[Date "2017.10.02"]
[Round "1.4"]
[White "Suslova, Alena"]
[Black "Pogonina, Natalija"]
[Result "0-1"]
[WhiteTitle "WFM"]
[BlackTitle "WGM"]
[WhiteElo "2227"]
[BlackElo "2466"]
[WhiteFideId "24111643"]
[BlackFideId "4147855"]
[EventDate "2017.10.02"]
[EventType "blitz"]

1. c4 e6 2. g3 d5 3. Bg2 dxc4 4. Qa4+ Nd7 5. Qxc4 Ngf6 6. Nf3 a6 7. O-O b5 8.
Qc2 Bb7 9. b3 Be7 10. Bb2 O-O 11. d3 c5 12. Nbd2 Qb6 13. h4 h6 14. Ne4 Nxe4 15.
dxe4 Rfd8 16. Rfd1 Nf6 17. e5 Nd5 18. a3 Rac8 19. e4 Nc7 20. Rac1 Ne8 21. Qe2
Rxd1+ 22. Rxd1 c4 23. Bd4 Qa5 24. bxc4 bxc4 25. Rc1 Qa4 26. Bb2 a5 27. Nd2 Ba6
28. Rc3 Qb5 29. Nf3 Qc5 30. Bf1 Rb8 31. Kg2 Nc7 32. Qc2 Qb6 33. Bc1 Nb5 34. Rxc4
Nxa3 35. Bxa3 Bxc4 36. Bxe7 Bxf1+ 37. Kxf1 Qb5+ 38. Kg2 a4 39. Bd6 Ra8 40. Qa2
a3 41. Nd4 Qb2 42. Qc4 a2 0-1

[Event "ch-RUS Blitz Women 2017"]
[Site "Sochi RUS"]
[Date "2017.10.02"]
[Round "1.5"]
[White "Kashlinskaya, Alina"]
[Black "Markelova, Lubov"]
[Result "1-0"]
[WhiteTitle "IM"]
[BlackTitle "WFM"]
[WhiteElo "2455"]
[BlackElo "2119"]
[WhiteFideId "4198026"]
[BlackFideId "24131369"]
[EventDate "2017.10.02"]
[EventType "blitz"]

1. d4 d5 2. c4 c6 3. Nf3 Nf6 4. e3 e6 5. Bd3 Nbd7 6. b3 b6 7. Bb2 Bb7 8. O-O Be7
9. Nc3 O-O 10. Qc2 Rc8 11. Ne5 c5 12. Rad1 Qc7 13. Nb5 Qd8 14. Nxa7 Ra8 15. Nac6
Qe8 16. Nxe7+ Qxe7 17. a4 h6 18. Nxd7 Nxd7 19. cxd5 Bxd5 20. Bb5 Rfd8 21. e4 Bb7
22. d5 exd5 23. exd5 Qd6 24. Qf5 1-0

[Event "ch-RUS Blitz Women 2017"]
[Site "Sochi RUS"]
[Date "2017.10.02"]
[Round "1.6"]
[White "Tsepennikova, Tatyana"]
[Black "Ubiennykh, Ekaterina"]
[Result "0-1"]
[WhiteTitle "WFM"]
[BlackTitle "WIM"]
[WhiteElo "1984"]
[BlackElo "2308"]
[WhiteFideId "4153901"]
[BlackFideId "4137582"]
[EventDate "2017.10.02"]
[EventType "blitz"]

1. d4 d5 2. Nf3 Nf6 3. Bf4 c5 4. c3 Qb6 5. Qb3 e6 6. Nbd2 h6 7. e3 Nc6 8. Qxb6
axb6 9. a3 Bd7 10. Bd3 Rc8 11. O-O g5 12. Be5 Nxe5 13. Nxe5 Bd6 14. h3 Ke7 15.
Ndf3 Be8 16. a4 Ng8 17. a5 bxa5 18. Rxa5 f6 19. Ng4 h5 20. Ngh2 c4 21. Bc2 Bc6
22. Rfa1 Kd7 23. Nd2 Ne7 24. e4 Bf4 25. exd5 exd5 26. Ndf1 Bc7 27. R5a2 Rhg8 28.
g3 f5 29. Re1 f4 30. g4 Rh8 31. Kg2 Rcf8 32. f3 Bd6 33. Raa1 Rh6 34. Re2 Rfh8
35. Rae1 hxg4 36. hxg4 Ng6 37. Bf5+ Kc7 38. Rb1 Nh4+ 39. Kg1 Nxf5 40. gxf5 Rf8
41. Re6 Rhf6 42. Rbe1 Rxf5 43. Ng4 b5 44. Nfh2 b4 45. Ra1 Rb8 46. Ra7+ Rb7 47.
Rxb7+ 0-1

[Event "ch-RUS Blitz Women 2017"]
[Site "Sochi RUS"]
[Date "2017.10.02"]
[Round "1.7"]
[White "Nechaeva, Marina"]
[Black "Shafigullina, Zarina"]
[Result "1-0"]
[WhiteTitle "IM"]
[BlackTitle "WFM"]
[WhiteElo "2431"]
[BlackElo "2117"]
[WhiteFideId "4149351"]
[BlackFideId "24174220"]
[EventDate "2017.10.02"]
[EventType "blitz"]

1. d4 Nf6 2. c4 e6 3. Nc3 Bb4 4. Nf3 O-O 5. Bg5 c5 6. e3 cxd4 7. exd4 d5 8. Rc1
dxc4 9. Bxc4 Nc6 10. O-O Bxc3 11. bxc3 Bd7 12. Qe2 Rc8 13. Bd3 h6 14. Bh4 Ne7
15. Bxf6 gxf6 16. c4 Bc6 17. Rfd1 Qa5 18. d5 Ba4 19. Re1 Bd7 20. Qe4 f5 21. Qh4
Ng6 22. Qxh6 Rfe8 23. Ng5 Re7 24. dxe6 Bxe6 25. Nxe6 1-0

[Event "ch-RUS Blitz Women 2017"]
[Site "Sochi RUS"]
[Date "2017.10.02"]
[Round "1.8"]
[White "Potapova, Margarita"]
[Black "Ambartsumova, Karina"]
[Result "0-1"]
[WhiteTitle "WFM"]
[BlackTitle "WGM"]
[WhiteElo "2163"]
[BlackElo "2359"]
[WhiteFideId "14126869"]
[BlackFideId "4166299"]
[EventDate "2017.10.02"]
[EventType "blitz"]

1. d4 Nf6 2. Bg5 e6 3. e4 h6 4. Bxf6 Qxf6 5. c3 d6 6. Bd3 g5 7. Ne2 Bg7 8. O-O
e5 9. Ng3 Nc6 10. Nh5 Qg6 11. d5 Ne7 12. Bb5+ Kf8 13. Nd2 g4 14. Nxg7 Kxg7 15.
f4 f6 16. f5 Qg5 17. Qe2 h5 18. Rae1 a6 19. Ba4 b5 20. Bd1 Bd7 21. Qe3 Qxe3+ 22.
Rxe3 c6 23. dxc6 Bxc6 24. Bb3 d5 25. exd5 Bxd5 26. Ne4 Bxb3 27. axb3 Rhd8 28.
Nc5 Kf7 29. Ra1 Rd2 30. Rd3 Rd8 31. Rxd2 Rxd2 32. Rxa6 Nxf5 33. Rxf6+ Kxf6 34.
Ne4+ Ke6 35. Nxd2 Kd5 36. Kf2 e4 37. Ke2 Ke5 38. b4 h4 39. Nb3 h3 40. gxh3 gxh3
41. Na5 Kf4 42. Nc6 Nh4 43. Nd4 e3 44. b3 Ke4 45. Nxb5 Nf3 46. Nd6+ Kf4 47. Nc4
Ng1+ 48. Kf1 e2+ 49. Ke1 Kf3 50. Ne5+ Kg2 51. Ng4 Kf3 52. Ne5+ Ke4 53. Ng4 Kf4
54. Nf2 Kf3 55. b5 Ke3 56. Ng4+ Kf4 57. Nf2 Ke3 58. Ng4+ 0-1

[Event "ch-RUS Blitz Women 2017"]
[Site "Sochi RUS"]
[Date "2017.10.02"]
[Round "1.9"]
[White "Girya, Olga"]
[Black "Protopopova, Anastasiya"]
[Result "0-1"]
[WhiteTitle "WGM"]
[BlackTitle "WFM"]
[WhiteElo "2505"]
[BlackElo "2219"]
[WhiteFideId "4195752"]
[BlackFideId "24172073"]
[EventDate "2017.10.02"]
[EventType "blitz"]

1. d4 d5 2. c4 c6 3. Nf3 e6 4. e3 f5 5. b3 Nf6 6. Bd3 Bd6 7. O-O O-O 8. Ba3 b6
9. Bxd6 Qxd6 10. Qc2 Bb7 11. Ne5 Nbd7 12. Nxd7 Qxd7 13. Nd2 Rac8 14. Rac1 c5 15.
Qb2 Ne4 16. Nf3 Rfd8 17. Rfd1 Qe7 18. Qa3 Ba8 19. Bxe4 fxe4 20. Ne5 Rc7 21. h3
Rf8 22. dxc5 bxc5 23. Rd2 Qg5 24. Ng4 h5 25. Nh2 d4 26. Nf1 d3 27. Qa5 Rcf7 28.
b4 Rf5 29. Ng3 Re5 30. Qxa7 cxb4 31. c5 h4 32. Nh1 Qg6 33. c6 Rg5 34. g3 hxg3
35. Nxg3 Rxg3+ 36. fxg3 Qxg3+ 37. Rg2 Qe5 38. c7 Rc8 39. Qd4 Qxd4 40. exd4 e3
41. Rh2 d2 42. Rd1 Rxc7 43. Re2 Bf3 44. Rdxd2 exd2 45. Rxd2 Ra7 46. Rb2 Bd5 47.
Rxb4 Rxa2 48. Rb8+ Kh7 49. Rb4 Rg2+ 50. Kf1 Rg3 0-1

[Event "ch-RUS Blitz Women 2017"]
[Site "Sochi RUS"]
[Date "2017.10.02"]
[Round "1.10"]
[White "Getman, Tatyana"]
[Black "Voit, Daria"]
[Result "0-1"]
[BlackTitle "FM"]
[WhiteElo "2082"]
[BlackElo "2387"]
[WhiteFideId "34166146"]
[BlackFideId "4182146"]
[EventDate "2017.10.02"]
[EventType "blitz"]

1. d4 Nf6 2. c4 e6 3. Nf3 Bb4+ 4. Bd2 c5 5. e3 O-O 6. Bd3 b6 7. O-O Bb7 8. Bxb4
cxb4 9. Nbd2 d6 10. Qe2 Qc7 11. Rac1 Nc6 12. e4 e5 13. dxe5 Nxe5 14. Nxe5 dxe5
15. Rfd1 Nd7 16. Nf1 Nc5 17. Bb1 Rad8 18. b3 Ne6 19. Ne3 Nd4 20. Qg4 Rd6 21. Bd3
Rfd8 22. Nd5 Bxd5 23. exd5 g6 24. Re1 f5 25. Qg5 e4 26. Bf1 Qg7 27. Rcd1 Nc6 28.
Be2 Ne5 29. h3 Qf6 30. Qxf6 Rxf6 31. f4 Nd7 32. Kf2 Nc5 33. Ke3 a5 34. g4 Kf7
35. g5 Rfd6 36. Bf1 h6 37. h4 hxg5 38. hxg5 Rh8 39. Bg2 Rh2 40. Rd2 Rd8 41. Rh1
Rxh1 42. Bxh1 Rh8 43. Bg2 Ke7 44. Kd4 Kd6 45. Ke3 Nd3 46. Kd4 Rh4 47. Ke3 Nxf4
48. Bf1 Nh3 49. Rh2 f4+ 50. Kxe4 Nxg5+ 0-1

[Event "ch-RUS Blitz Women 2017"]
[Site "Sochi RUS"]
[Date "2017.10.02"]
[Round "1.11"]
[White "Bivol, Alina"]
[Black "Pischal, Yulia"]
[Result "1-0"]
[WhiteTitle "WGM"]
[BlackTitle "WFM"]
[WhiteElo "2356"]
[BlackElo "1963"]
[WhiteFideId "4100123"]
[BlackFideId "14102390"]
[EventDate "2017.10.02"]
[EventType "blitz"]

1. Nf3 g6 2. d4 Bg7 3. g3 f5 4. Bg2 Nf6 5. O-O O-O 6. c4 d6 7. Nc3 Nc6 8. d5 Na5
9. Nd2 c5 10. a3 b6 11. b4 Nb7 12. Bb2 Bd7 13. Qc2 Rc8 14. Qd3 Qc7 15. Rac1 Ng4
16. e4 Ne5 17. Qe2 f4 18. f3 g5 19. b5 Na5 20. Nd1 Ra8 21. Bc3 Nb7 22. Nf2 Qc8
23. a4 a6 24. Nd3 Qe8 25. gxf4 gxf4 26. Kh1 Kh8 27. Rg1 Qh5 28. Bf1 Rf6 29. Qf2
a5 30. Be2 1-0

[Event "ch-RUS Blitz Women 2017"]
[Site "Sochi RUS"]
[Date "2017.10.02"]
[Round "1.12"]
[White "Faizutdinova, Diana"]
[Black "Kovanova, Baira"]
[Result "1/2-1/2"]
[BlackTitle "WGM"]
[WhiteElo "2046"]
[BlackElo "2371"]
[WhiteFideId "24143731"]
[BlackFideId "4164083"]
[EventDate "2017.10.02"]
[EventType "blitz"]

1. c4 Nf6 2. Nc3 e6 3. e4 d6 4. g3 e5 5. Bg2 g6 6. Nge2 Bg7 7. O-O O-O 8. d3 Nc6
9. h3 Nh5 10. g4 Nf6 11. f4 exf4 12. Bxf4 Nd7 13. Qd2 Nd4 14. Bg5 Nxe2+ 15. Nxe2
Qe8 16. Rae1 Ne5 17. b3 c5 18. d4 Nc6 19. Bf6 Bd7 20. Bxg7 Kxg7 21. dxc5 dxc5
22. Nf4 Nd4 23. Qf2 Bc6 24. Nh5+ gxh5 25. Qf6+ Kg8 26. Qg5+ Kh8 27. Qf6+ Kg8 28.
Qg5+ Kh8 1/2-1/2

[Event "ch-RUS Blitz Women 2017"]
[Site "Sochi RUS"]
[Date "2017.10.02"]
[Round "1.13"]
[White "Tomilova, Elena"]
[Black "Strukova, Ksenia"]
[Result "1-0"]
[WhiteTitle "WIM"]
[WhiteElo "2307"]
[BlackElo "2052"]
[WhiteFideId "4162340"]
[BlackFideId "34106623"]
[EventDate "2017.10.02"]
[EventType "blitz"]

1. d4 Nf6 2. Bg5 d6 3. Bxf6 exf6 4. g3 g6 5. Bg2 Bg7 6. c4 O-O 7. Nc3 c6 8. e3
Na6 9. Nge2 Nc7 10. Nf4 Ne6 11. Nfe2 Nc7 12. O-O Bg4 13. h3 Bxe2 14. Qxe2 Re8
15. b4 f5 16. Qd2 Ne6 17. Rab1 a6 18. a4 Rc8 19. Rfd1 Ng5 20. Qc2 Qe7 21. b5
axb5 22. axb5 Ne4 23. Nxe4 fxe4 24. bxc6 bxc6 25. Rb6 Qc7 26. Rdb1 d5 27. Rb7
Qa5 28. c5 Ra8 29. Qb3 Qa2 30. Qb6 Rec8 31. h4 Qd2 32. Qb2 Qa5 33. h5 Qa4 34.
hxg6 hxg6 35. Bh3 Rf8 36. Rb6 Bh6 37. Bd7 Rfd8 38. Bxc6 Qc4 39. Bxa8 Rxa8 40.
Rb8+ Rxb8 41. Qxb8+ Kg7 42. Qe5+ Kh7 43. Qf6 Qe2 44. Qxf7+ Bg7 45. Qxd5 Qc2 46.
Rf1 Qd3 47. Kg2 g5 48. Rh1+ Kg6 49. Qe6+ Bf6 50. Qe8+ Kf5 51. Qd7+ Kg6 52. c6
Qe2 53. Qe8+ Kg7 54. Qxe4 Qa2 55. Rh7+ Kf8 56. Qf5 Ke8 1-0

[Event "ch-RUS Blitz Women 2017"]
[Site "Sochi RUS"]
[Date "2017.10.02"]
[Round "1.14"]
[White "Belkova, Diana"]
[Black "Vasilevich, Tatjana"]
[Result "1-0"]
[BlackTitle "IM"]
[WhiteElo "1962"]
[BlackElo "2360"]
[WhiteFideId "34102849"]
[BlackFideId "14101610"]
[EventDate "2017.10.02"]
[EventType "blitz"]

1. e4 c5 2. Nf3 a6 3. c3 e6 4. d4 d5 5. e5 Bd7 6. Be3 Qb6 7. Qd2 Nc6 8. Bd3 Nh6
9. O-O Ng4 10. dxc5 Bxc5 11. Bxc5 Qxc5 12. Qf4 h5 13. Qg5 g6 14. Nbd2 Qe7 15.
Qxe7+ Kxe7 16. Rae1 Rhc8 17. Nb3 b5 18. a3 Rc7 19. h3 Nh6 20. Ng5 Rb8 21. f4 a5
22. Nf3 b4 23. axb4 axb4 24. cxb4 Rxb4 25. Nc5 Rxf4 26. Nxd7 Rxd7 27. Bb5 Rc7
28. Rc1 Kd7 29. Rc5 Nf5 30. Rd1 Ne7 31. Rdc1 Rb4 32. Kf2 Ke8 33. R1c2 1-0

[Event "ch-RUS Blitz Women 2017"]
[Site "Sochi RUS"]
[Date "2017.10.02"]
[Round "1.15"]
[White "Drozdova, Dina"]
[Black "Chan, Naruna"]
[Result "1-0"]
[WhiteTitle "WIM"]
[WhiteElo "2209"]
[BlackElo "1982"]
[WhiteFideId "4170695"]
[BlackFideId "24124290"]
[EventDate "2017.10.02"]
[EventType "blitz"]

1. d4 f5 2. Nf3 d6 3. g3 Nf6 4. Bg2 g6 5. c4 Bg7 6. O-O O-O 7. b4 e5 8. dxe5
dxe5 9. Bb2 e4 10. Nd4 c6 11. Qb3 Kh8 12. Rd1 Qe7 13. Nd2 Nbd7 14. c5 Ne5 15.
Nc4 Nxc4 16. Qxc4 Nd5 17. Qb3 Be6 18. Nxe6 Qxe6 19. Bxg7+ Kxg7 20. Rd4 Rad8 21.
Rad1 Qf6 22. e3 Nc7 23. Rd6 Qe7 24. Qc3+ Kg8 25. a4 Nd5 26. Qb3 Rxd6 27. cxd6
Qxd6 28. b5 Rd8 29. Bf1 Kg7 30. Bc4 Qe5 31. bxc6 bxc6 32. Qb7+ Kh8 33. Qxc6 Qd6
34. Qxd6 Rxd6 35. Rxd5 Rb6 36. Rb5 Rc6 37. Bf1 Rc1 38. Ra5 Rc7 39. Kg2 Kg7 40.
h4 Kf6 41. Ra6+ Ke5 42. Bb5 Rg7 43. Rc6 h6 44. Rc5+ Kd6 45. Rc6+ Kd5 46. h5 g5
47. Rxh6 f4 48. Rg6 1-0

[Event "ch-RUS Blitz Women 2017"]
[Site "Sochi RUS"]
[Date "2017.10.02"]
[Round "1.16"]
[White "Garifullina, Leya"]
[Black "Gritsayeva, Oksana"]
[Result "1/2-1/2"]
[WhiteTitle "WCM"]
[BlackTitle "WFM"]
[WhiteElo "1936"]
[BlackElo "2373"]
[WhiteFideId "34127035"]
[BlackFideId "14104652"]
[EventDate "2017.10.02"]
[EventType "blitz"]

1. e4 g6 2. d4 Bg7 3. Nc3 c6 4. Be3 d5 5. Nf3 Bg4 6. exd5 cxd5 7. h3 Bxf3 8.
Qxf3 e6 9. Bb5+ Nc6 10. O-O Ne7 11. Ne2 O-O 12. c3 Qb6 13. Bxc6 Nxc6 14. Rab1
Rac8 15. Nc1 Qa6 16. Qe2 Qxe2 17. Nxe2 Na5 18. Rbd1 b5 19. Bc1 Rfe8 20. Nf4 Bf8
21. Nd3 Nc4 22. a3 a5 23. Bf4 f6 24. Bg3 Kf7 25. Rfe1 Rc6 26. Re2 Rb6 27. Rde1
b4 28. axb4 axb4 29. cxb4 Bxb4 30. Rd1 Bf8 31. Rb1 Rb3 32. Nc5 Bxc5 33. dxc5 e5
34. f3 Rc8 35. Bf2 Ke6 36. Rc2 Rcb8 37. Ra1 Rxb2 38. Ra6+ Kf5 39. Rxb2 Rxb2 40.
c6 Rc2 41. c7 Nd2 42. Bb6 e4 43. fxe4+ dxe4 44. Ra8 e3 45. Bxe3 Rxc7 46. Bxd2
Rc2 47. Be3 Ke4 48. Bf2 h5 49. Re8+ Kf5 50. Re1 g5 51. Be3 h4 52. Bf2 Kf4 53.
Be3+ Kf5 54. Rf1+ Kg6 55. Bd4 f5 56. Re1 Kh7 57. Rf1 1/2-1/2

[Event "ch-RUS Blitz Women 2017"]
[Site "Sochi RUS"]
[Date "2017.10.02"]
[Round "2.1"]
[White "Gubernatorova, Lyudmila"]
[Black "Charochkina, Daria"]
[Result "1/2-1/2"]
[BlackTitle "IM"]
[WhiteElo "2200"]
[BlackElo "2321"]
[WhiteFideId "4123840"]
[BlackFideId "4180917"]
[EventDate "2017.10.02"]
[EventType "blitz"]

1. d4 d5 2. c4 c6 3. Nf3 Nf6 4. Nc3 e6 5. Bg5 Nbd7 6. e3 h6 7. Bh4 g5 8. Bg3 Nh5
9. Bd3 Nxg3 10. hxg3 Bg7 11. Qc2 Qe7 12. e4 dxc4 13. Bxc4 g4 14. Ne5 Bxe5 15.
dxe5 Nxe5 16. Be2 Bd7 17. O-O-O O-O-O 18. Qa4 Kb8 19. f4 gxf3 20. gxf3 h5 21.
Kb1 Bc8 22. Qa5 Rxd1+ 23. Rxd1 f6 24. Rd4 Qc7 25. Qc5 Rd8 26. Rxd8 Qxd8 27. f4
Ng4 28. Qxh5 Ne3 29. Qc5 Qd2 30. a4 f5 31. e5 Ng4 32. Bxg4 fxg4 33. a5 Qd8 34.
Ne4 Qd1+ 35. Qc1 Qd3+ 36. Qc2 Qf1+ 37. Ka2 Qb5 38. Nd6 Qxa5+ 39. Kb1 Qe1+ 40.
Ka2 Qxg3 41. Qh7 Qf3 42. Qg8 Qd5+ 43. Kb1 Qd1+ 44. Ka2 Qa4+ 45. Kb1 Qd1+ 46. Ka2
Qa4+ 1/2-1/2

[Event "ch-RUS Blitz Women 2017"]
[Site "Sochi RUS"]
[Date "2017.10.02"]
[Round "2.2"]
[White "Bodnaruk, Anastasia"]
[Black "Semenova, Elena1"]
[Result "1-0"]
[WhiteTitle "IM"]
[BlackTitle "WIM"]
[WhiteElo "2432"]
[BlackElo "2256"]
[WhiteFideId "4181751"]
[BlackFideId "24125148"]
[EventDate "2017.10.02"]
[EventType "blitz"]

1. e4 e5 2. Nf3 Nc6 3. Bb5 a6 4. Ba4 Nf6 5. O-O Be7 6. Re1 b5 7. Bb3 O-O 8. a4
Bb7 9. d3 d6 10. c3 Nd7 11. Bc2 Bf6 12. Nbd2 g6 13. Nf1 Nc5 14. axb5 axb5 15.
Rxa8 Bxa8 16. d4 Nd7 17. Bh6 Bg7 18. Qd2 Na5 19. b3 c5 20. d5 Bb7 21. Ng3 Nf6
22. h3 Bc8 23. Nh2 Re8 24. Rf1 Bd7 25. Bxg7 Kxg7 26. f4 exf4 27. Qxf4 Qe7 28.
Nf3 Bc8 29. Re1 Nd7 30. Rf1 Ne5 31. Nxe5 dxe5 32. Qf2 c4 33. b4 Nb7 34. Ra1 Nd6
35. Ra7 Qd8 36. Qc5 Re7 37. Ra8 Rc7 38. Qb6 Qe7 39. Kh2 h5 40. Qf2 Bb7 41. Ra7
Bc8 42. Ra1 1-0

[Event "ch-RUS Blitz Women 2017"]
[Site "Sochi RUS"]
[Date "2017.10.02"]
[Round "2.3"]
[White "Belova, Olga"]
[Black "Goryachkina, Aleksandra"]
[Result "0-1"]
[WhiteTitle "WFM"]
[BlackTitle "WGM"]
[WhiteElo "2094"]
[BlackElo "2478"]
[WhiteFideId "4138422"]
[BlackFideId "4147103"]
[EventDate "2017.10.02"]
[EventType "blitz"]

1. e4 Nf6 2. e5 Nd5 3. d4 d6 4. Nf3 dxe5 5. dxe5 e6 6. Be2 Be7 7. O-O c5 8. a3
Nc6 9. c4 Nb6 10. Nc3 Qxd1 11. Rxd1 O-O 12. Be3 Nd7 13. Bf4 h6 14. h3 Rd8 15.
Ne4 b6 16. Nd6 Nf8 17. Nxc8 Raxc8 18. Bd3 Rd7 19. Be4 Na5 20. Rxd7 Nxd7 21. Rd1
Nf8 22. Rc1 Rd8 23. Nd2 Ng6 24. Bxg6 fxg6 25. Be3 g5 26. Ne4 Nc6 27. f4 gxf4 28.
Bxf4 Rd4 29. Re1 Rxc4 30. Bg3 Rd4 31. Nc3 Rd2 32. Nb5 Rxb2 33. Nc7 Rb3 34. Kh2
Nd4 35. Rd1 Rxa3 36. Rb1 Bd8 37. Nb5 0-1

[Event "ch-RUS Blitz Women 2017"]
[Site "Sochi RUS"]
[Date "2017.10.02"]
[Round "2.4"]
[White "Pogonina, Natalija"]
[Black "Suslova, Alena"]
[Result "1-0"]
[WhiteTitle "WGM"]
[BlackTitle "WFM"]
[WhiteElo "2466"]
[BlackElo "2227"]
[WhiteFideId "4147855"]
[BlackFideId "24111643"]
[EventDate "2017.10.02"]
[EventType "blitz"]

1. d4 d6 2. e4 g6 3. Nc3 Bg7 4. Be3 Nf6 5. Qd2 O-O 6. Nf3 a6 7. Bh6 b5 8. Bd3 c5
9. Bxg7 Kxg7 10. dxc5 dxc5 11. e5 Ne8 12. Qe3 Qc7 13. Be4 Ra7 14. Nd5 Qa5+ 15.
b4 Qa4 16. Qxc5 e6 17. Nb6 Qa3 18. Qxc8 Qxb4+ 19. Nd2 Nd6 20. c3 Qa3 21. exd6
Rxc8 22. Nxc8 Qxc3 23. O-O Qxc8 24. Rfd1 1-0

[Event "ch-RUS Blitz Women 2017"]
[Site "Sochi RUS"]
[Date "2017.10.02"]
[Round "2.5"]
[White "Markelova, Lubov"]
[Black "Kashlinskaya, Alina"]
[Result "0-1"]
[WhiteTitle "WFM"]
[BlackTitle "IM"]
[WhiteElo "2119"]
[BlackElo "2455"]
[WhiteFideId "24131369"]
[BlackFideId "4198026"]
[EventDate "2017.10.02"]
[EventType "blitz"]

1. Nf3 Nf6 2. c4 g6 3. Nc3 Bg7 4. e4 d6 5. d4 O-O 6. Be2 Nbd7 7. O-O e5 8. d5 a5
9. Qc2 Nc5 10. Bg5 h6 11. Be3 Ne8 12. Nd2 f5 13. f3 Nf6 14. a3 f4 15. Bf2 g5 16.
b4 Na6 17. Qd1 h5 18. c5 g4 19. Nc4 Rf7 20. Nxa5 Bf8 21. cxd6 cxd6 22. Nc4 Rg7
23. Bh4 Be7 24. Kh1 Qe8 25. Nb6 Rb8 26. Nxc8 Rxc8 27. Rc1 Nc7 28. Bxf6 Bxf6 29.
fxg4 Qg6 30. h3 Rf8 31. Bf3 hxg4 32. Bxg4 Bd8 33. Qf3 Ne8 34. Nb5 Qh6 35. Be6+
Kh8 36. a4 Rg3 37. Qe2 0-1

[Event "ch-RUS Blitz Women 2017"]
[Site "Sochi RUS"]
[Date "2017.10.02"]
[Round "2.6"]
[White "Ubiennykh, Ekaterina"]
[Black "Tsepennikova, Tatyana"]
[Result "1-0"]
[WhiteTitle "WIM"]
[BlackTitle "WFM"]
[WhiteElo "2308"]
[BlackElo "1984"]
[WhiteFideId "4137582"]
[BlackFideId "4153901"]
[EventDate "2017.10.02"]
[EventType "blitz"]

1. d4 Nf6 2. c4 g6 3. Nc3 Bg7 4. e4 d6 5. Be2 O-O 6. Bg5 h6 7. Bf4 Nbd7 8. Qd2
Kh7 9. O-O-O e5 10. dxe5 dxe5 11. Bxe5 Nxe4 12. Nxe4 Bxe5 13. Nf3 Bg7 14. h4 Qe7
15. Bd3 Ne5 16. Nxe5 Qxe5 17. Rhe1 Qd4 18. Qc2 Qb6 19. f3 Be6 20. h5 Bf5 21. g4
Bxe4 22. Bxe4 Rad8 23. Rxd8 Rxd8 24. Bd5 Qf6 25. hxg6+ fxg6 26. Re6 Qg5+ 27. Kb1
c6 28. Rxg6 Qh4 29. Rxc6+ Kh8 30. Re6 Qh1+ 31. Qc1 Qxc1+ 32. Kxc1 b6 33. Kc2 Rf8
34. b4 Rf6 35. Re7 a5 36. bxa5 bxa5 37. Ra7 Bf8 38. Rxa5 Rb6 39. Ra7 Bc5 40. Rc7
Bd4 41. Kd3 Be5 42. Re7 Bf6 43. Rf7 Ba1 44. c5 Rb1 45. c6 Rd1+ 46. Kc4 Rc1+ 47.
Kb5 Be5 48. Bc4 Rb1+ 49. Kc5 Rb8 50. c7 Rc8 1-0